global - africa - Statistics

General Stats
  • This quiz has been taken 28 times
  • The average score is 10 of 15
Answers on the Map
Answers color-coded by a green-red scale on the quiz's map according to % correct below.
 
Answer Stats
Answer % Correct
ghana
78%
guinea
78%
Namibia
78%
angola
67%
bhutan
67%
lesotho
67%
malawi
67%
mali
67%
nigeria
67%
tanzania
67%
botswana
56%
cameroon
56%
gabon
56%
rwanda
56%
zambia
56%
No matching quizzes found
Score Distribution
Percent of People with Each Score
Percentile by Number Answered
Your Score History
You have not taken this quiz